000 01071nac a22002411u 4500
010 _a2003103619
020 _a9812542973 :
020 _a0324282788 :
082 0 0 _a658.4
_bD124
090 _c1112
_d1112
100 _aDaft, Richard L.
245 1 0 _aOrganization theory and design /
_cRichard L. Daft.
250 _a8th ed.
260 _aAustralia :
_bThomson/South-Western,c2004.
_cc2004.
300 _axvi, 624 p. :
_bcol. ill. ;
_c27 cm.
500 _aIncludes indexes.
650 0 _aOrganization.
650 0 _aOrganizational sociology
_vCase studies.
942 _cBB
_k658.4D124
999 _c1112
_d1112